| 000 | 00996cam a2200337 a 4500 | ||
|---|---|---|---|
| 001 | 3995 | ||
| 003 | FISKH | ||
| 005 | 20250507080300.0 | ||
| 008 | 941102s1995 cau j 000 1 eng | ||
| 010 | _a 94043348 | ||
| 020 | _a0152008438 : | ||
| 020 | _a9780152057503 | ||
| 040 |
_aDLC _cDLC _dDLC _beng |
||
| 042 | _alcac | ||
| 050 | 0 | 0 |
_aPZ7.R982 _bVan 1995 |
| 082 | _a808.899 | ||
| 100 | 1 | _aRylant, Cynthia. | |
| 245 | 1 | 4 |
_aThe Van Gogh Cafe / _cCynthia Rylant. |
| 250 | _aFirst Harcourt Paperback in 2006 | ||
| 260 |
_aNew York : _bHarcourt Brace, _c1995. |
||
| 300 |
_a53 pages ; _c20 cm |
||
| 505 | _aU | ||
| 520 | _aThe Van Gogh Cafe, located in Flowers, Kansas, has magic in its walls, causing strange and mysterious events to occur there. | ||
| 521 | 8 |
_a810
_bLexile |
|
| 521 | 8 |
_aU
_bRaz-Plus |
|
| 650 | 1 |
_aRestaurants _zFiction. |
|
| 650 | 1 |
_aMagic _zFiction. |
|
| 906 |
_a7 _bcbc _corignew _d1 _eocip _f19 _gy-gencatlg |
||
| 942 |
_2ddc _cBK _n0 |
||
| 999 |
_c3995 _d3995 |
||